| 000 | 00347nam a2200145Ia 4500 | ||
|---|---|---|---|
| 008 | 230917s9999||||xx |||||||||||||| ||und|| | ||
| 040 |
_e54752 _aMAIN |
||
| 041 | _aEnglish | ||
| 082 | _a854.1 C485C | ||
| 100 | _aCicero | ||
| 245 | 0 | _aCircero's letters to atticus | |
| 260 |
_aMiddlesex _bPenguin Books _c1978 |
||
| 300 | _a736 p. | ||
| 942 | _cBK | ||
| 999 |
_c197380 _d197380 |
||